000 01105cam a22003377a 4500
003 CHAP
005 20220329142454.0
008 010521d2000 mx a r 00110 spa d
010 _a83975
011 _a84947
020 _a9709026372
035 _a95473
040 _cCHAP
082 0 4 _a307.72
_bM6
100 0 0 _aMolina, Silvia.
_977413
245 1 0 _aPimienta :
_bun chapulín frente a un tigre
_c/por Silvia Molina
260 _aMéxico, D.F. :
_bSecretaría de Desarrollo Social,
_c2000.
300 _a80 p. :
_bilus.
590 _aBATCH-UPD
_b10
_c20130110
_lUCH01
_h0830
590 _aCONVERSION
_b10
_c20130109
_lUCH01
_h1347
650 1 4 _aDesarrollo de la comunidad rural.
_931995
650 1 4 _aPimienta.
_988105
650 1 4 _aPuebla
_xCondiciones rurales.
_992871
901 _aBK
905 _aLilia Sánchez G.
911 _a45
942 _cLIBRO
949 _a307.72 M6
_bBC
_cLIBRO
_d33724000825287
_eLIBRO
_fc.3
_h100210
_i95473
_sb
949 _a307.72 M6
_bBC
_cLIBRO
_d33724000825345
_eLIBRO
_fc.2
_h100209
_i95473
_sb
949 _a307.72 M6
_bBC
_cLIBRO
_d33724000825402
_eLIBRO
_h100208
_i95473
_si
999 _c83975
_d83975